000 01259nam a2200217Ia 4500
999 _c38297
_d38297
001 4307
003 GE_BSU
005 20191010150250.0
008 181216s1962||||ge |||||||||||||| ||geo||
040 _cGE_BSU
041 _ageo
080 _a391(479.22)+687.4(479.22)(09) ჯ-14
100 _aჯავახიშვილი, ივანე
_94676
245 _aმასალები ქართველი ერის მატერიალური კულტურის ისტორიისათვის :
_bნაკვ. 3. ტანისამოსი, ქსოვილები და ხელსაქმე, ნაკვ. 4. საომარი საჭურველი და სამხედრო საქმე /
_cრედ. გ. ჩიტაია.
264 _aთბილისი :
_bსაქ. სსრ მეცნ. აკად. გამ-ბა,
_c1962.
300 _a316. :
_bტაბ. ;
_c22 სმ.
546 _a პარალ. თავფურც. რუს. ენ.
653 _aსაქართველოს მატერიალური კულტურის ისტორია;
700 _aჩიტაია, გ.
_eრედაქტორი
_94677
942 _cBK
_2udc